000 00491nam a2200181Ia 4500
999 _c14641
_d14641
003 OSt
005 20201116130705.0
008 190216s9999||||xx |||||||||||||| ||und||
020 _a9781904233886
040 _coclc
082 _a813.6
_bMEY/N
100 _aMeyer, Stephenie
_95866
245 0 _aNew Moon /
_cStephenie Meyer
260 _bAtom,
_c2011.
_aUSA:
300 _a497p
650 _aEnglish-Fiction English
942 _cBK
_2ddc
_h813.6
_iMEY/N
_k813.6
_mMEY/N